[Event "URS-ch sf"]
[Site "Daugavpils"]
[Date "1978.??.??"]
[Round "?"]
[White "Khodos, German L"]
[Black "Gofshtein, Leonid"]
[Result "1/2-1/2"]
[WhiteElo "2200"]
[BlackElo "2400"]

1. d4 Nf6 2. c4 c5 3. Nf3 cxd4 4. Nxd4 e5 5. Nb5 d5 6. cxd5 Bc5 7. e3 O-O 8.  N5c3 e4 9. Be2 Qe7 10. a3 Rd8 11. b4 Bd6 12. Bb2 Nbd7 13. Nd2 Nb6 14. Qb3 Be5  15. Nc4 Nxc4 16. Bxc4 Bf5 17. Nb5 Bxb2 18. Qxb2 Nxd5 19. Nd4 Qe5 20. Qb3 Bg6  21. Bxd5 Rxd5 22. Rc1 f5 23. Rc5 Bf7 24. Rxd5 Bxd5 25. Qc3 f4 26. exf4 Qxf4 27.  O-O Rd8 28. Nc2 Be6 29. Ne3 Rd3 30. Qb2 Qd6 31. h3 h5 32. Rc1 b6 33. Qe2 Qe5  34. a4 Rb3 35. Qa6 Qg5 36. h4 Qf4 37. Rd1 Rxb4 38. Rd8+ Kh7 39. Qxa7 Rb2 40.  Nd1 Rd2 41. Qxb6 Bd7 42. Qb3 e3 43. Qg8+ Kh6 44. Rxd7 exf2+ 45. Kf1 Qe5 46.  Qh8+ Kg6 47. Rxg7+ Qxg7 48. Qe8+ Qf7 49. Qe4+ Qf5 50. Qe8+ Kg7 51. Qe7+ Kg8 52.  Qe8+ Kh7 53. Qe7+ Kg6 54. Qe8+ Qf7 55. Qe4+ Kg7 56. Qe5+ Qf6 57. Qxf6+ Kxf6 58.  Nxf2 1/2-1/2

[Event "URS-ch sf"]
[Site "Daugavpils"]
[Date "1978.??.??"]
[Round "?"]
[White "Khodos, German L"]
[Black "Petrosian, Arshak B"]
[Result "1/2-1/2"]
[WhiteElo "2200"]
[BlackElo "2415"]

1. c4 e6 2. Nc3 d5 3. d4 Be7 4. cxd5 exd5 5. Bf4 c6 6. Qc2 Na6 7. a3 Qb6 8. Nf3  Nf6 9. b4 g6 10. e3 Bf5 11. Bd3 Bxd3 12. Qxd3 Nc7 13. O-O O-O 14. Bg5 Rfe8 15.  Ne5 Rad8 16. Na4 Qb5 17. Nc5 Qxd3 18. Nexd3 b6 19. Nb3 Ne6 20. Bxf6 Bxf6 21.  Rfc1 Rc8 22. a4 Rc7 1/2-1/2

[Event "URS-ch sf"]
[Site "Daugavpils"]
[Date "1978.??.??"]
[Round "?"]
[White "Khodos, German L"]
[Black "Tseshkovsky, Vitaly"]
[Result "0-1"]
[WhiteElo "2200"]
[BlackElo "2570"]

1. d4 Nf6 2. c4 e6 3. g3 c5 4. Nf3 cxd4 5. Nxd4 Nc6 6. Nc3 Qb6 7. Nb3 Ne5 8. e4  Bb4 9. Qe2 O-O 10. f4 Ng6 11. e5 Ne8 12. Be3 Qc7 13. Bg2 d6 14. Bd4 dxe5 15.  fxe5 Bd7 16. O-O Rc8 17. Rac1 b6 18. Ne4 Ba4 19. Qh5 Bxb3 20. axb3 Rd8 21. Ng5  h6 22. Nxe6 Qd7 23. Bd5 fxe6 24. Qxg6 Nc7 25. Be4 Qxd4+ 26. Kg2 Rf5 27. Bxf5  exf5 28. Rcd1 Qe4+ 29. Kh3 Rf8 30. Rd7 Qxe5 31. Qc6 Ne6 32. Qd5 Qe2 33. Rxf5  Rxf5 34. Qxf5 Ng5+ 35. Kh4 Qxh2+ 36. Kg4 Qe2+ 37. Kh4 Nf3+ 38. Kh3 Ng1+ 0-1

[Event "URS-ch sf"]
[Site "Daugavpils"]
[Date "1978.??.??"]
[Round "?"]
[White "Kholmov, Ratmir"]
[Black "Makarichev, Sergey"]
[Result "0-1"]
[WhiteElo "2540"]
[BlackElo "2495"]

1. e4 c5 2. Nf3 Nc6 3. d4 cxd4 4. Nxd4 Nf6 5. Nc3 d6 6. Bg5 e6 7. Qd2 a6 8.  O-O-O h6 9. Bf4 Bd7 10. Nxc6 Bxc6 11. f3 d5 12. Qe1 Bb4 13. a3 Ba5 14. Bd2 Qe7  15. e5 Nd7 16. f4 g5 17. g3 gxf4 18. gxf4 O-O-O 19. Kb1 Bb6 20. Bh3 Kb8 21. Rf1  Rc8 22. Be3 Rc7 23. f5 Rhc8 24. f6 Qf8 25. Qd2 Bc5 26. Bxh6 Qh8 27. Rfe1 Nb6  28. Bf1 Na4 29. Nxa4 Bxa4 30. Bd3 Bxa3 31. Rc1 Bc5 32. h4 a5 33. h5 Bb4 34. c3  Bc5 35. Rh1 Bb3 36. Bg7 Qe8 37. Bc2 a4 38. h6 d4 39. h7 dxc3 40. Qxc3 Qb5 41.  Bxb3 axb3 42. h8=Q Qa4 43. Qxb3 Qxb3 44. Rc3 Qd5 45. Qh7 Bg1 46. Rxc7 Qd1+ 47.  Ka2 Kxc7 48. Rh3 Bc5 0-1

[Event "URS-ch sf"]
[Site "Daugavpils"]
[Date "1978.??.??"]
[Round "?"]
[White "Kim, V."]
[Black "Panchenko, Alexander N"]
[Result "0-1"]
[WhiteElo "2200"]
[BlackElo "2495"]

1. e4 c5 2. Nf3 Nc6 3. Bb5 e6 4. Bxc6 bxc6 5. O-O Ne7 6. d3 Ng6 7. e5 f6 8.  exf6 Qxf6 9. Nc3 h6 10. Ne4 Qf5 11. Ng3 Qf7 12. d4 cxd4 13. Nxd4 Ba6 14. Re1  Be7 15. Nf3 Bc8 16. c4 O-O 17. Be3 d5 18. Qa4 Bd7 19. cxd5 exd5 20. Rac1 Bd6  21. Bc5 Bxc5 22. Rxc5 Nf4 23. Re3 Rae8 24. Rxe8 Bxe8 25. Qa3 g5 26. Qe3 Qf6 27.  Ne5 d4 28. Qd2 d3 29. f3 Bg6 30. Nxg6 Qxg6 31. Qc3 Rf6 32. Qb3+ Kh7 33. Re5 Rf7  34. Ne4 Qg7 35. Re8 Qd4+ 36. Nf2 Kg7 37. g3 Nh3+ 38. Kg2 Qxf2+ 39. Kxh3 Qf1+  40. Kg4 Qxf3+ 0-1

[Event "URS-ch sf"]
[Site "Daugavpils"]
[Date "1978.??.??"]
[Round "?"]
[White "Kim, V."]
[Black "Sturua, Zurab"]
[Result "1-0"]
[WhiteElo "2200"]
[BlackElo "2395"]

1. e4 c5 2. Nf3 e6 3. d4 cxd4 4. Nxd4 Nf6 5. Nc3 d6 6. Bc4 Be7 7. Bb3 O-O 8.  O-O Na6 9. f4 Nc5 10. Qf3 a6 11. Be3 Qc7 12. Rae1 Nfd7 13. Qg3 Kh8 14. Bf2 b5  15. e5 Bb7 16. Nd5 Bxd5 17. Bxd5 exd5 18. Nf5 Ne6 19. exd6 Qxc2 20. dxe7 Qxf5  21. exf8=Q+ Rxf8 22. Qa3 h6 23. Qe7 Nb8 24. Re5 Qxf4 25. Rxd5 Qe4 26. Rd6 Kg8  27. Re1 Qc2 28. h3 Nc6 29. Qd7 Ncd8 30. Rd2 Qg6 31. Qd6 a5 32. Kh2 b4 33. Bb6  Qg5 34. Rd5 Qh4 35. Re3 a4 36. b3 axb3 37. axb3 Nb7 38. Qg3 Qf6 39. Rb5 Nbd8  40. Bxd8 Rxd8 41. Rxb4 Rd2 42. Rf3 Qa1 43. Rb8+ Kh7 44. Rxf7 Rd1 45. Qe3 Ng5  46. Rff8 Rh1+ 47. Kg3 Re1 48. Qd3+ Ne4+ 49. Kh4 Qa7 50. Rbe8 Qc5 51. Rh8+ Kg6  52. Re6+ Kf5 53. Rxe4 g5+ 1-0

[Event "URS-ch sf"]
[Site "Daugavpils"]
[Date "1978.??.??"]
[Round "?"]
[White "Kim, V."]
[Black "Suetin, Alexey S"]
[Result "1/2-1/2"]
[WhiteElo "2200"]
[BlackElo "2535"]

1. e4 c5 2. Nf3 e6 3. d3 Nc6 4. g3 d5 5. Nbd2 Bd6 6. Bg2 Nge7 7. O-O O-O 8. Nh4  f5 9. f4 Bd7 10. c3 Rb8 11. Re1 b5 12. exf5 exf5 13. Ndf3 b4 14. d4 bxc3 15.  bxc3 Qa5 16. Bd2 c4 17. Qc2 h6 18. Re2 Rf7 19. Rae1 Qb5 20. Bc1 Qb1 21. Qd2 Qb6  22. Bh1 Qa5 23. Qc2 a6 24. Bg2 Rb5 25. Bh3 Rb8 26. Bd2 Qa3 27. Bc1 Qa5 28. Bd2  1/2-1/2

[Event "URS-ch sf"]
[Site "Daugavpils"]
[Date "1978.??.??"]
[Round "?"]
[White "Kim, V."]
[Black "Vorotnikov, Vladislav V"]
[Result "0-1"]
[WhiteElo "2200"]
[BlackElo "2410"]

1. e4 e5 2. Nf3 Nc6 3. Bb5 a6 4. Ba4 d6 5. O-O Bg4 6. h3 h5 7. Bxc6+ bxc6 8. d4  Qf6 9. Nbd2 Be6 10. Nb3 Qg6 11. Qd3 f6 12. Nh4 Qf7 13. Qc3 Ne7 14. f4 Bc4 15.  Rf2 exd4 16. Nxd4 c5 17. Ndf3 g6 18. f5 gxf5 19. Nxf5 Nxf5 20. Ng5 fxg5 21.  Qxh8 Qg7 22. Qxh5+ Bf7 23. Qxg5 Nd4 24. Be3 Qxg5 25. Bxg5 Ne6 26. Bh4 Bg7 27.  Bf6 Bh6 28. Kh2 Bg6 29. Bh4 Kd7 30. Re1 c4 31. g4 Rg8 32. Bg3 Nc5 33. Rfe2 Rb8  34. h4 Rxb2 35. Kh3 c3 36. g5 Bg7 37. Kg4 Rb4 38. h5 Bxe4 39. h6 Bg6+ 40. Kh3  Bh8 41. Re7+ Kd8 42. Rg7 Bxg7 43. hxg7 Bf7 44. g6 Bxa2 45. Bh4+ Kd7 46. Re7+  Kc6 47. Re8 Rb2 48. Bf6 Rxc2 49. g8=Q Bxg8 50. Rxg8 Ne4 51. Bd8 Rc1 52. Rg7 Rg1  53. Kh2 Rg4 54. Rxc7+ Kb5 55. g7 d5 56. Kh3 Nf2+ 57. Kh2 Ne4 58. Kh3 Rg6 59.  Kh4 d4 60. Kh5 Rxg7 61. Rxg7 c2 62. Rb7+ Ka4 63. Rd7 c1=Q 0-1

[Event "URS-ch sf"]
[Site "Daugavpils"]
[Date "1978.??.??"]
[Round "?"]
[White "Klovans, Janis"]
[Black "Eingorn, Vereslav S"]
[Result "1/2-1/2"]
[WhiteElo "2490"]
[BlackElo "2270"]

1. e4 c5 2. Nf3 d6 3. d4 cxd4 4. Nxd4 Nf6 5. Nc3 e6 6. Be2 a6 7. O-O Qc7 8. f4  Be7 9. a4 O-O 10. Kh1 Nc6 11. Be3 Bd7 12. Nb3 b6 13. Qe1 Na5 14. e5 dxe5 15.  fxe5 Nd5 16. Nxd5 exd5 17. Bxb6 Qxb6 18. Qxa5 Qxa5 19. Nxa5 Rab8 20. Nb3 Rfc8  21. Bd3 Rb4 22. a5 Bb5 23. Bxb5 Rxb5 24. Rad1 Bd8 25. g3 h6 26. Rf2 Bc7 27. Nd4  Rxb2 28. Nc6 Re8 29. Rxd5 Re6 30. Nd4 Rxe5 31. Rd7 Rc5 32. Rdxf7 Be5 33. Ne6  Rxa5 34. Rf8+ Kh7 35. Ra8 Rb8 36. Rxb8 Bxb8 37. Rf8 Be5 38. Ra8 Bc3 39. Kg2 Ra2  40. Kf3 a5 41. Rc8 Bb2 42. c4 Ra3+ 43. Ke4 Rc3 44. Nf8+ Kg8 45. Ng6+ Kh7 46.  Nf8+ Kg8 47. Nd7+ Kh7 1/2-1/2

[Event "URS-ch sf"]
[Site "Daugavpils"]
[Date "1978.??.??"]
[Round "?"]
[White "Klovans, Janis"]
[Black "Gufeld, Eduard"]
[Result "1/2-1/2"]
[WhiteElo "2490"]
[BlackElo "2525"]

1. e4 c5 2. Nf3 d6 3. d4 cxd4 4. Nxd4 Nf6 5. Nc3 g6 6. Be3 Bg7 7. f3 Nc6 8. Qd2  O-O 9. Bc4 Bd7 10. h4 Rc8 11. Bb3 h5 12. O-O-O Ne5 13. Bg5 Rc5 14. f4 Nc4 15.  Qd3 b5 16. e5 dxe5 17. Bxf6 Bxf6 18. Ndxb5 Nxb2 19. Qxg6+ Bg7 20. Kxb2 Qc8 21.  Rxd7 Qxd7 22. Qxh5 Rxb5 23. Nxb5 Qxb5 24. fxe5 e6 25. Re1 Rc8 26. Re3 Rc5 27.  Qg5 Kh7 28. Qh5+ Kg8 29. Qg5 Kh7 30. Qh5+ 1/2-1/2

[Event "URS-ch sf"]
[Site "Daugavpils"]
[Date "1978.??.??"]
[Round "?"]
[White "Klovans, Janis"]
[Black "Leibovich, D."]
[Result "1/2-1/2"]
[WhiteElo "2490"]
[BlackElo "2200"]

1. e4 e5 2. Nf3 Nc6 3. Bb5 Nf6 4. O-O Nxe4 5. d4 Be7 6. Qe2 Nd6 7. Bxc6 bxc6 8.  dxe5 Nb7 9. Nd4 O-O 10. Rd1 Qe8 11. Nc3 Nd8 12. Nf5 f6 13. Qg4 Ne6 14. Bh6 Rf7  15. Re1 fxe5 16. Rxe5 Bf6 17. Re3 Kh8 18. Ne4 gxh6 19. Nxf6 Qf8 20. Nxh7 Kxh7  21. Nh4 Nf4 22. Rae1 d6 23. Qd1 Bf5 24. c4 Ng6 25. Nxf5 Rxf5 26. Qc2 Re5 27.  Rxe5 dxe5 28. Rxe5 Re8 29. Rxe8 Qxe8 30. g3 Qe5 {1/2:1/2(58x)} 1/2-1/2

[Event "URS-ch sf"]
[Site "Daugavpils"]
[Date "1978.??.??"]
[Round "?"]
[White "Klovans, Janis"]
[Black "Lputian, Smbat G"]
[Result "1-0"]
[WhiteElo "2490"]
[BlackElo "2200"]

1. e4 e6 2. d4 d5 3. Nc3 Bb4 4. e5 b6 5. Qg4 Bf8 6. Bg5 Qd7 7. h4 h5 8. Qf3 Ne7  9. Nh3 Nf5 10. O-O-O Ba6 11. Bxa6 Nxa6 12. Nf4 g6 13. Nfxd5 exd5 14. Nxd5 Bg7  15. Nxb6 1-0

[Event "URS-ch sf"]
[Site "Daugavpils"]
[Date "1978.??.??"]
[Round "?"]
[White "Klovans, Janis"]
[Black "Makarichev, Sergey"]
[Result "0-1"]
[WhiteElo "2490"]
[BlackElo "2495"]

1. e4 e6 2. d4 d5 3. Nc3 Nf6 4. Bg5 Bb4 5. e5 h6 6. Be3 Ne4 7. Qg4 g6 8. a3  Bxc3+ 9. bxc3 Nxc3 10. Bd3 Nc6 11. h4 Qe7 12. h5 g5 13. f4 gxf4 14. Qxf4 Bd7  15. Nf3 O-O-O 16. Bf2 Qf8 17. Bh4 Re8 18. O-O Rg8 19. Bf6 Ne7 20. Kh2 Ne4 21.  Bxe4 dxe4 22. Bxe7 Qg7 23. Rf2 Rxe7 24. Nd2 Bc6 25. Re1 Qg5 26. Qxg5 Rxg5 27.  Nxe4 Rxh5+ 28. Kg3 Bxe4 29. Rxe4 c5 30. dxc5 Kd7 31. Rf3 Kc6 32. Rc3 Rd7 33.  Ra4 Rg5+ 34. Kf4 Rf5+ 35. Kg4 h5+ 36. Kh4 Rxe5 37. Rxa7 Rd4+ 38. Kh3 Re1 39.  Kh2 Rh4+ 40. Kg3 Rg4+ 41. Kf2 Rd1 42. g3 h4 43. gxh4 Rd2+ 44. Ke3 Rdg2 45. Rb3  Kd5 0-1

[Event "URS-ch sf"]
[Site "Daugavpils"]
[Date "1978.??.??"]
[Round "?"]
[White "Klovans, Janis"]
[Black "Zaichik, Gennadi"]
[Result "0-1"]
[WhiteElo "2490"]
[BlackElo "2470"]

1. e4 d6 2. d4 Nf6 3. Nc3 g6 4. f4 Bg7 5. Nf3 O-O 6. Bd3 Na6 7. e5 dxe5 8. dxe5  Nd5 9. Nxd5 Qxd5 10. Qe2 Bf5 11. Bxf5 gxf5 12. Be3 c5 13. O-O Nc7 14. Rfd1 Qe4  15. Qd3 Ne6 16. Qxe4 fxe4 17. Nd2 f5 18. exf6 Bxf6 19. c3 Bd4 20. cxd4 cxd4 21.  Nxe4 dxe3 22. g3 Rad8 23. Rxd8 Rxd8 24. Re1 Rd3 25. Kf1 Nd4 26. Nc5 Rd2 27.  Rxe3 b6 28. Nb3 Nxb3 29. Rxb3 Rxh2 30. Rb5 Kf7 31. a4 Kg6 32. a5 Rh5 33. Rxh5  Kxh5 34. axb6 axb6 35. Kf2 Kg4 36. Kg2 h5 37. Kf2 b5 38. b4 h4 39. gxh4 Kxf4  40. h5 Kg5 41. Ke3 0-1

[Event "URS-ch sf"]
[Site "Daugavpils"]
[Date "1978.??.??"]
[Round "?"]
[White "Korsunsky, Rostislav R"]
[Black "Arbakov, Valentin"]
[Result "1-0"]
[WhiteElo "2200"]
[BlackElo "2200"]

1. e4 d5 2. exd5 Qxd5 3. Nc3 Qa5 4. d4 Nf6 5. Nf3 Bg4 6. h3 Bh5 7. Bd2 e6 8.  Qe2 Nc6 9. g4 Bg6 10. Bg2 Nb4 11. O-O Nxc2 12. Rac1 c6 13. a3 Qb6 14. Qc4 Qxb2  15. Ne5 Rc8 16. Qa4 Nxa3 17. Nxc6 bxc6 18. Bxc6+ Kd8 19. Nb1 Bd6 20. Qxa7 Bxb1  21. Ba5+ Bc7 22. Qc5 Ne8 23. Bxe8 Kxe8 24. Qc6+ Kf8 25. Bxc7 Kg8 26. Qa6 Re8  27. Bd6 Bg6 28. Rc8 f5 29. Bxa3 Qb3 30. Qc6 Kf7 31. Qc7+ Kf6 32. Qe5+ Kg5 33.  Bc1+ Kh4 34. Rxe8 Rxe8 35. Qxg7 1-0

[Event "URS-ch sf"]
[Site "Daugavpils"]
[Date "1978.??.??"]
[Round "?"]
[White "Korsunsky, Rostislav R"]
[Black "Katalymov, Boris N"]
[Result "0-1"]
[WhiteElo "2200"]
[BlackElo "2200"]

1. e4 e5 2. Nf3 Nc6 3. Bb5 Nf6 4. O-O Nxe4 5. d4 Be7 6. Qe2 Nd6 7. Bxc6 bxc6 8.  dxe5 Nf5 9. Nbd2 O-O 10. Ne4 d5 11. Ng3 c5 12. Rd1 Rb8 13. c4 Nxg3 14. hxg3 d4  15. Ne1 Rb6 16. Nd3 Bb7 17. Bf4 Re8 18. Re1 Qd7 19. f3 h5 20. Qc2 h4 21. g4 g5  22. Bc1 h3 23. gxh3 Bxf3 24. Qf2 Bb7 25. e6 Rxe6 26. Ne5 Bd6 27. Nxd7 Rxe1+ 28.  Qf1 Bh2+ 0-1

[Event "URS-ch sf"]
[Site "Daugavpils"]
[Date "1978.??.??"]
[Round "?"]
[White "Korsunsky, Rostislav R"]
[Black "Klovans, Janis"]
[Result "0-1"]
[WhiteElo "2200"]
[BlackElo "2490"]

1. c4 e5 2. Nc3 Nc6 3. g3 g6 4. Bg2 Bg7 5. d3 d6 6. Bd2 f5 7. Rc1 Nf6 8. Nd5  O-O 9. b4 Nd4 10. e3 Ne6 11. Ne2 c6 12. Nxf6+ Bxf6 13. O-O Bd7 14. Qc2 Qe7 15.  f4 Rae8 16. Rce1 Qg7 17. Bc3 Re7 18. Qb2 Rfe8 19. c5 Nd4 20. cxd6 Nxe2+ 21.  Rxe2 Re6 22. e4 exf4 23. Bxf6 Qxf6 24. Qxf6 Rxf6 25. e5 Rxd6 26. exd6 Rxe2 27.  Rxf4 Kf7 28. g4 Ke6 29. gxf5+ gxf5 30. Rh4 Kxd6 31. Rh6+ Kc7 32. Rxh7 Rxa2 33.  h4 Rb2 34. h5 Rxb4 35. Kf2 a5 36. h6 Rh4 37. Kg3 Rg4+ 38. Kf3 Rh4 39. Kg3 Rg4+  40. Kf3 Kd6 41. Bh3 Rh4 42. Kg3 Rh5 43. Bf1 a4 44. Be2 a3 45. Bxh5 a2 46. Rf7  a1=Q 47. h7 Be6 0-1

[Event "URS-ch sf"]
[Site "Daugavpils"]
[Date "1978.??.??"]
[Round "?"]
[White "Korsunsky, Rostislav R"]
[Black "Lputian, Smbat G"]
[Result "1/2-1/2"]
[WhiteElo "2200"]
[BlackElo "2200"]

1. e4 e6 2. d4 d5 3. Nd2 c5 4. Ngf3 a6 5. Be2 Nc6 6. exd5 exd5 7. O-O cxd4 8.  Nb3 Bd6 9. Bg5 Nge7 10. Bh4 O-O 11. Nfxd4 Re8 12. c3 Qb6 13. Bg3 Bxg3 14. hxg3  Nf5 15. Bf3 Nfxd4 16. Nxd4 Nxd4 17. Qxd4 Qxd4 18. cxd4 Be6 19. Rfc1 Rac8 20.  Kf1 Kf8 21. Ke2 Ke7 22. Kd2 Kd6 23. g4 h6 24. b4 Rxc1 25. Rxc1 Rc8 26. Rxc8  Bxc8 27. a4 Bd7 28. Bd1 g5 29. f3 Be6 30. Bc2 Bd7 31. Ke3 f6 32. a5 Bb5 33. Bg6  Bf1 34. Kf2 Bc4 35. Ke3 1/2-1/2

[Event "URS-ch sf"]
[Site "Daugavpils"]
[Date "1978.??.??"]
[Round "?"]
[White "Korsunsky, Rostislav R"]
[Black "Suetin, Alexey S"]
[Result "1-0"]
[WhiteElo "2200"]
[BlackElo "2535"]

1. e4 c5 2. Nf3 Nc6 3. d4 cxd4 4. Nxd4 Qc7 5. Nc3 e6 6. g3 a6 7. Bg2 d6 8. O-O  Bd7 9. Re1 Be7 10. Nxc6 bxc6 11. b3 Nf6 12. e5 dxe5 13. Bb2 O-O 14. Qe2 Bc5 15.  Na4 Bd4 16. Rad1 Bxb2 17. Nxb2 e4 18. Nc4 c5 19. Nd6 Bc6 20. Nxe4 Bxe4 21. Bxe4  Nxe4 22. Qxe4 Rfd8 23. Rd3 g6 24. Red1 Rab8 25. Qf4 e5 26. Qf6 Rd4 27. Qxa6 e4  28. R3d2 Rbd8 29. Qe2 Qa5 30. Rxd4 cxd4 31. Qxe4 Qxa2 32. Kg2 Qb2 33. Qh4 Rd6  34. Qf4 Rd7 35. Qb8+ Kg7 36. Qe5+ f6 37. Qc5 g5 38. h4 gxh4 39. Qh5 Rc7 40.  Qg4+ Kf7 41. Rxd4 Qxc2 42. Qh5+ Qg6 43. Qd5+ Kg7 44. Rxh4 Rf7 45. b4 f5 46. b5  Rf6 47. Qe5 Qf7 48. Rd4 Qb7+ 49. Kg1 Kf7 50. Rh4 h6 51. Rc4 Kg6 52. Rc7 1-0

[Event "URS-ch sf"]
[Site "Daugavpils"]
[Date "1978.??.??"]
[Round "?"]
[White "Kosikov, Alexey I"]
[Black "Gavrikov, Viktor"]
[Result "1-0"]
[WhiteElo "2395"]
[BlackElo "2200"]

1. e4 c5 2. Nf3 e6 3. c3 Nf6 4. e5 Nd5 5. d4 cxd4 6. cxd4 d6 7. Nc3 Nc6 8. Bd3  dxe5 9. dxe5 Bb4 10. O-O Nxc3 11. bxc3 Bxc3 12. Rb1 Bxe5 13. Nxe5 Nxe5 14. Bb5+  Nc6 15. Qa4 Bd7 16. Rd1 O-O 17. Qg4 Qe7 18. Bh6 f5 19. Qxg7+ Qxg7 20. Bxg7 Kxg7  21. Rxd7+ Rf7 22. Bxc6 bxc6 23. Rbb7 Rxd7 24. Rxd7+ Kg6 25. Rd6 Kf6 26. Rxc6  Rd8 27. g3 Rd7 28. Ra6 Ke5 29. Kg2 Rc7 30. Ra4 Kd5 31. Ra6 Ke5 32. h3 Kd5 33.  Ra5+ Kd4 34. g4 fxg4 35. hxg4 e5 36. f3 Rg7 37. Kf2 Rc7 38. Kg3 Rf7 39. Ra3 Re7  40. Kh4 e4 41. Ra4+ Ke3 42. fxe4 Kf4 43. g5 Rg7 44. Ra6 Kxe4 45. Kh5 Rc7 46.  Kh6 Kf5 47. Ra5+ Kf4 48. a4 Kg4 49. Rb5 Re7 50. a5 Rd7 51. a6 Rc7 52. Rb4+ Kf5  53. Rb7 Rc6+ 54. Kh5 Rxa6 55. Rxh7 Ra2 56. Rf7+ Ke6 57. g6 a5 58. Rf3 Kd6 59.  Rg3 Rh2+ 60. Kg5 Ke7 61. Rf3 Kd6 62. Kf6 a4 63. g7 Rg2 64. Ra3 Rf2+ 65. Kg6  Rg2+ 66. Kh7 Rh2+ 67. Kg8 Rh4 68. Kf7 Rf4+ 69. Kg6 Kc5 70. Rg3 1-0

[Event "URS-ch sf"]
[Site "Daugavpils"]
[Date "1978.??.??"]
[Round "?"]
[White "Kosikov, Alexey I"]
[Black "Khodos, German L"]
[Result "1-0"]
[WhiteElo "2395"]
[BlackElo "2200"]

1. e4 c5 2. Nf3 e6 3. c3 Nf6 4. e5 Nd5 5. d4 cxd4 6. cxd4 d6 7. Nc3 Nxc3 8.  bxc3 Nc6 9. Bd3 dxe5 10. dxe5 Qa5 11. O-O Nxe5 12. Nxe5 Qxe5 13. Re1 Qd6 14.  Re4 Be7 15. Bf4 Qd5 16. Rd4 Qa5 17. Rb1 O-O 18. Rb5 Qxc3 19. Rc4 Qf6 20. Be5  Qh6 21. Bxg7 Qxg7 22. Rg4 f5 23. Rxg7+ Kxg7 24. Bc4 Bf6 25. Rb3 Rd8 26. Qh5 Rd7  27. Bxe6 Rd1+ 28. Qxd1 Bxe6 29. Rxb7+ Kh8 30. Qd6 1-0

[Event "URS-ch sf"]
[Site "Daugavpils"]
[Date "1978.??.??"]
[Round "?"]
[White "Kosikov, Alexey I"]
[Black "Kholmov, Ratmir"]
[Result "1/2-1/2"]
[WhiteElo "2395"]
[BlackElo "2540"]

1. e4 c6 2. d4 d5 3. Nd2 dxe4 4. Nxe4 Nd7 5. Ne2 Ndf6 6. N2g3 Nxe4 7. Nxe4 Bf5  8. Qf3 e6 9. c3 Nf6 10. Nxf6+ Qxf6 11. g4 Bg6 12. Qxf6 gxf6 13. h4 h5 14. f3  hxg4 15. fxg4 f5 16. gxf5 Bxf5 17. Bf4 Bh6 18. Be5 Rg8 19. Kf2 f6 20. Bg3 Kf7  21. Be2 Rg7 22. Bf3 Rag8 23. Bh2 Bg4 24. Rhg1 Bxf3 25. Kxf3 Rxg1 26. Bxg1 f5  27. Bf2 Rg4 28. Re1 a6 29. Bg3 Bf8 30. b4 Be7 31. Rh1 Bf8 32. Bf4 Be7 33. Bg3  Kg7 34. a4 b5 35. a5 Bf6 36. Re1 Kf7 37. Rh1 1/2-1/2

[Event "URS-ch sf"]
[Site "Daugavpils"]
[Date "1978.??.??"]
[Round "?"]
[White "Kosikov, Alexey I"]
[Black "Nikolaevsky, Yuri V"]
[Result "0-1"]
[WhiteElo "2395"]
[BlackElo "2200"]

1. e4 d6 2. d4 g6 3. Nf3 Bg7 4. Be2 Nf6 5. Nc3 O-O 6. O-O Bg4 7. Be3 Nc6 8. Qd2  e5 9. dxe5 dxe5 10. Rad1 Qe7 11. Nd5 Nxd5 12. exd5 Rad8 13. Bg5 Bf6 14. Bxf6  Qxf6 15. Qh6 Bxf3 16. Bxf3 Nd4 17. Be4 Qa6 18. c3 Ne2+ 19. Kh1 Nf4 20. Qg5 f5  21. Bc2 Qd6 22. Rfe1 Kg7 23. Qg3 Rde8 24. b4 a5 25. a3 axb4 26. axb4 b6 27. h3  Re7 28. Bb3 Rf6 29. Ra1 h6 30. Ra8 e4 31. Rea1 Nxd5 32. Qh4 g5 33. Qh5 Nf4 34.  Qd1 Qxd1+ 35. Rxd1 Nd3 36. Kg1 Rc6 37. c4 Nxb4 38. Rdd8 Kf6 39. Rf8+ Ke5 40.  Rad8 f4 41. Bd1 Rd6 42. Bg4 Rxd8 43. Rxd8 c6 44. Rb8 Ra7 45. Re8+ Kd4 46. Bf5  Ra1+ 47. Kh2 Re1 0-1

[Event "URS-ch sf"]
[Site "Daugavpils"]
[Date "1978.??.??"]
[Round "?"]
[White "Kozlov, V."]
[Black "Gedevanishvili, Dmitry"]
[Result "1-0"]
[WhiteElo "2445"]
[BlackElo "2200"]

1. d4 Nf6 2. c4 e6 3. g3 d5 4. Bg2 dxc4 5. Nf3 b5 6. Ne5 Nd5 7. a4 c6 8. O-O  Bb7 9. e4 Nf6 10. Nc3 a6 11. d5 Be7 12. dxe6 fxe6 13. Qe2 Qd4 14. Bf4 Qc5 15.  Nf3 Qh5 16. Nd4 Qxe2 17. Ncxe2 Kf7 18. Nf3 Nfd7 19. Rfd1 Nc5 20. Ne5+ Ke8 21.  Nd4 Bf6 22. h4 Bxe5 23. Bxe5 Kf7 24. Ra3 Rd8 25. Rf3+ Kg8 26. Bh3 Nbd7 27. Bc7  Nf8 28. Bxd8 Rxd8 29. Kh2 g6 30. e5 Bc8 31. Rd2 Rd5 32. axb5 axb5 33. Re3 Na4  34. Bg2 1-0

[Event "URS-ch sf"]
[Site "Daugavpils"]
[Date "1978.??.??"]
[Round "?"]
[White "Kozlov, V."]
[Black "Kosikov, Alexey I"]
[Result "1-0"]
[WhiteElo "2445"]
[BlackElo "2395"]

1. d4 Nf6 2. c4 e6 3. Nf3 Bb4+ 4. Nbd2 O-O 5. g3 b6 6. Bg2 Bb7 7. O-O Be7 8.  Qc2 c5 9. e4 d6 10. e5 dxe5 11. dxe5 Ng4 12. h3 Nh6 13. Ng5 Bxg5 14. Bxb7 Nd7  15. Bxa8 Qxa8 16. f4 Be7 17. Qe4 Qc8 18. Nf3 Nf5 19. Kg2 h5 20. g4 Nd4 21. f5  Qa6 22. b3 Nxf3 23. Rxf3 Nxe5 24. Rf2 exf5 25. gxf5 Bf6 26. Bb2 Nd7 27. Rd1  Bxb2 28. Rxd7 Bd4 29. Re2 b5 30. cxb5 Qh6 31. Kh2 Qc1 32. Rg2 Be3 33. Kg3 g5  34. Rd3 Bf4+ 35. Kf2 h4 36. Kf3 Kg7 37. Kg4 Qf1 38. Qe2 Qa1 39. Qb2+ Qxb2 40.  Rxb2 Re8 41. Rc2 Re1 1-0

[Event "URS-ch sf"]
[Site "Daugavpils"]
[Date "1978.??.??"]
[Round "?"]
[White "Kozlov, V."]
[Black "Kudriashov, Anatoli"]
[Result "1/2-1/2"]
[WhiteElo "2445"]
[BlackElo "2200"]

1. d4 Nf6 2. c4 e6 3. Nc3 Bb4 4. e3 O-O 5. Bd3 c5 6. Nf3 d5 7. O-O cxd4 8. exd4  dxc4 9. Bxc4 b6 10. Qe2 Bb7 11. a3 Bxc3 12. bxc3 Nbd7 13. Bd3 Qc7 14. c4 Ng4  15. Bxh7+ Kxh7 16. Ng5+ Kg8 17. Qxg4 Qxc4 18. Be3 Nf6 19. Qh3 Rac8 20. a4 Rfd8  21. a5 b5 22. a6 Bd5 23. Rfc1 Qd3 24. Rd1 Qc2 25. Rdc1 Qg6 26. Rcb1 Bc4 27. Qg3  Rc6 28. Nf3 Qxg3 29. hxg3 Nd5 30. Ne5 Rb6 31. Bd2 Rdd6 32. Bb4 Nxb4 33. Rxb4  Rxd4 34. Rc1 Rxa6 35. Nxc4 Rxc4 36. Rcxc4 bxc4 37. Rxc4 Ra1+ 38. Kh2 a5 39.  Rc8+ Kh7 40. Rc5 a4 41. Ra5 a3 42. g4 Kg6 43. Kg3 f6 44. Ra7 e5 45. Kf3 Kh6 46.  g3 a2 47. g5+ Kxg5 48. Rxg7+ Kf5 49. Ra7 e4+ 50. Kg2 Ke5 51. Ra8 1/2-1/2

[Event "URS-ch sf"]
[Site "Daugavpils"]
[Date "1978.??.??"]
[Round "?"]
[White "Kozlov, V."]
[Black "Mishuchkov, Nikolai M"]
[Result "1/2-1/2"]
[WhiteElo "2445"]
[BlackElo "2410"]

1. d4 Nf6 2. c4 g6 3. Nc3 d5 4. Nf3 Bg7 5. Qa4+ Bd7 6. Qb3 dxc4 7. Qxc4 O-O 8.  e4 Na6 9. e5 Be6 10. exf6 Bxc4 11. fxg7 Kxg7 12. Bxc4 Nb4 13. Bb3 Nd3+ 14. Ke2  Nxc1+ 15. Raxc1 c6 16. Rhe1 e6 17. Kf1 Rc8 18. Ne4 Rc7 19. Rc3 Re7 20. g3 Qb6  21. Kg2 Rd8 22. Nc5 Rd6 23. Re4 Qd8 24. h4 b6 25. Na6 Qa8 26. Re2 Red7 27. Bc2  Rxd4 28. Nc7 Qb8 29. Rxc6 R4d6 30. Rxd6 Rxd6 31. Nb5 Rd5 32. Nc3 Rc5 33. Rd2  Qc7 34. a4 a6 35. Bd3 Qb7 36. Be4 Qe7 37. Rd4 h6 38. Bd3 Qb7 39. Rb4 a5 40. Rd4  g5 41. hxg5 hxg5 42. g4 f5 43. Nb5 Rd5 44. Kg3 Qb8+ 45. Kg2 Qb7 46. Kg3 1/2-1/2

[Event "URS-ch sf"]
[Site "Daugavpils"]
[Date "1978.??.??"]
[Round "?"]
[White "Krivonosov, Oleg"]
[Black "Chekhov, Valery A"]
[Result "1/2-1/2"]
[WhiteElo "2200"]
[BlackElo "2470"]

1. Nf3 Nf6 2. d4 e6 3. g3 c5 4. c4 cxd4 5. Nxd4 Bb4+ 6. Bd2 Be7 7. Bg2 Nc6 8.  Nxc6 dxc6 9. Nc3 e5 10. Qc2 Be6 11. b3 O-O 12. O-O h6 13. Rad1 Qc7 14. Bc1 Rad8  15. Rxd8 Rxd8 16. Rd1 Rc8 17. Bb2 b5 18. Ne4 bxc4 19. bxc4 Nd7 20. Nd2 Rb8 21.  Bc3 Nc5 22. Rb1 Rxb1+ 23. Nxb1 Nd7 24. Nd2 Nb6 25. Qe4 f6 26. Qxc6 Qxc6 27.  Bxc6 Nxc4 28. Nb3 Nb6 29. e4 Kf7 30. f3 Nd7 31. Kf2 Nc5 32. Nc1 Na6 33. Ba4 Ba3  34. Bd2 Nc5 35. Bc2 Ke7 36. Nb3 Kd6 37. Bc3 Bc4 38. Ke3 Nxb3 39. Bxb3 Bc5+ 40.  Kd2 Bf1 41. h4 Bb5 42. h5 Ba3 43. g4 Kc5 44. Ke3 Bb4 45. Bb2 a5 46. a4 Bc4 47.  Bc2 Be1 {1/2:1/2(69x)} 1/2-1/2